| 000 | 00701nam a2200193Ia 4500 | ||
|---|---|---|---|
| 003 | GCL | ||
| 008 | 140319s9999 xx 000 0 ara d | ||
| 040 |
_aGCL / _cGCL |
||
| 082 | 0 | 4 |
_a737.4953 _bع د |
| 100 | 1 | _aعادل محمد العبدالمغنى | |
| 245 | 1 | 0 |
_aدليل معرض العملة الكويتية عبر التاريخ (2 - 6 مارس \ 1996) / _cعادل محمد العبدالمغنى |
| 300 | _a76 ص | ||
| 490 |
_aالهيئة العامة للاستعلامات _v0 |
||
| 650 | 0 | 4 | _aالكويت |
| 650 | 0 | 4 | _aالنقود الورقية |
| 650 | 0 | 4 | _aالنقود - الكويت - معارض |
| 650 | 0 | 4 | _aالنقود المعدنية - الكويت |
| 942 |
_2ddc _cBK |
||
| 999 |
_c52175 _d52175 |
||